• 首页
  • 本馆介绍
  • 公告通知
  • 最新文献
  • 馆藏检索
  • 电子资源
  • 读者导购
  • 参考咨询
  • 我的图书馆
  • 登录
  • 详细信息显示
  • 放入我的书架
  • 预约/预借图书
  • 作者相关作品
  • 分类相关作品
  • 丛书相关作品
  • 出版社相关作品

书目信息

  • 表格格式
  • 工作单格式
  • 卡片格式
题名:
走进阅读课程与阅读教学现场
    
 
作者: 冯淑娟 主编
分册:  
出版信息: 北京   现代出版社  2021
页数: 312页
开本: 24cm
丛书名: 百年经纶再扬帆丛书
单 册:
中图分类: G633.332
科图分类:
主题词: 阅读课--课堂教学--教学研究--中学
电子资源:
ISBN: 978-7-5143-9186-2
000 01008nam2 2200277 450
001 012001002771
005 20141204092249.0
010    @a978-7-5143-9186-2@dCNY78.00
100    @a20220905d2021 em y0chiy50 ea
101 0  @achi
102    @aCN@b110000
105    @aak z 000yy
106    @ar
200 1  @a走进阅读课程与阅读教学现场@Azou jin yue du ke cheng yu yue du jiao xue xian chang@e语文课堂教学实践成果@f冯淑娟主编
210    @a北京@c现代出版社@d2021
215    @a312页@c图,照片@d24cm
225 1  @a百年经纶再扬帆丛书
300    @a陈经纶中学阅读课程群建设项目成果
330    @a本书从课堂教学出发编录了如下内容:阅读课程建设、单篇阅读教学、群文阅读教学、长篇阅读教学和专题阅读教学。
410  0 @12001 @a百年经纶再扬帆丛书
517 1  @a语文课堂教学实践成果@Ayu wen ke tang jiao xue shi jian cheng guo
606 0  @a阅读课@x课堂教学@x教学研究@x中学
690    @aG633.332@v5
701  0 @a冯淑娟@Afeng shu juan@4主编
801  0 @aCN@bAHXH@c20221111
905    @b1373455-9@dG633.332@e1057@f5
    
    走进阅读课程与阅读教学现场:语文课堂教学实践成果/冯淑娟主编.-北京:现代出版社,2021
    312页:图,照片;24cm.-(百年经纶再扬帆丛书)
    陈经纶中学阅读课程群建设项目成果
    
    ISBN 978-7-5143-9186-2:CNY78.00
    本书从课堂教学出发编录了如下内容:阅读课程建设、单篇阅读教学、群文阅读教学、长篇阅读教学和专题阅读教学。
●
相关链接 在E读中查询图书 在五车中查询图书 在当当中查询图书 在豆瓣中查询图书


正题名:走进阅读课程与阅读教学现场     索取号:G633.332/1057         预约/预借

序号 登录号 条形码 馆藏地/架位号 状态 备注
1 1373455   213734556   第一样本阅览室/ [索取号:G633.332/1057] 在馆    
2 1373456   213734565   教育系资料室/ [索取号:G633.332/1057] 在馆    
3 1373457   213734574   教育系资料室/ [索取号:G633.332/1057] 在馆    
4 1373458   213734583   第四借阅区/ [索取号:G633.332/1057] 在馆    
5 1373459   213734592   第四借阅区/ [索取号:G633.332/1057] 在馆    
唐山师范学院图书馆 欢迎您!
大连网信软件有限公司© 版权所有